000 00892nam a2200265 i 4500
001 53345
003 ES-MaACL
005 20230906162741.0
007 t|
008 031021s1999 sp ||||0| spa j
020 _a84-7522-028-2
040 _aM-BN
_bspa
_cM-BN
080 _a82.08"14/16"
245 0 3 _aLa elocuencia en el renacimiento
_b: estudios sobre la teoría y la práctica de la retórica renacentista /
_cJames J. Murphy (ed.) ; traducción de Gaspar Garrote Bernal ... [et al.].
260 _aMadrid :
_bVisor Libros,
_c1999.
300 _a536 p ;
_c21 cm.
490 1 _aVisor literario ;
_v5
650 1 4 _aRetórica-
_zS.XV-XVII.
_916887
700 1 _aMurphy, James Jerome.
_984621
700 1 _aGarrote Bernal, Gaspar.
_955785
830 0 _aVisor literario ;
_v5
_9182437
852 _aES-MaACL
_jL-26541
_bR.131952
999 _c53345
_d53345